[Event "4NCL Online Division 6"]
[Site "online"]
[Date "2020.10.06"]
[Round "4.202"]
[White "Wylie, Steve"]
[Black "Bonner, Dennis M"]
[Result "1-0"]
[WhiteElo "1727"]
[BlackElo "1480"]
[PlyCount "81"]
[EventDate "2020.10.06"]
[WhiteTeam "Oadby & Blaby"]
[BlackTeam "Shropshire 5"]

1. d4 Nf6 2. Bf4 d6 3. e3 g6 4. Nd2 Bg7 5. Ngf3 Bf5 6. Bd3 Bxd3 7. cxd3 O-O 8.
Rc1 Nc6 9. O-O Nd5 10. Bg5 f6 11. Bh4 Kh8 12. a3 Qd7 13. Ne4 g5 14. Bg3 h6 15.
Nc3 Nxc3 16. bxc3 f5 17. Qa4 a6 18. d5 b5 19. dxc6 Qxc6 20. Qb3 e5 21. h3 Rae8
22. Rfe1 Qd7 23. c4 Qf7 24. Qc2 c5 25. cxb5 axb5 26. Rb1 f4 27. exf4 gxf4 28.
Bh4 Bf6 29. Bxf6+ Qxf6 30. Kh1 Rg8 31. Rxb5 Qg6 32. Rg1 Rg7 33. Rb6 Reg8 34.
Ne1 Qe6 35. Qc4 Qxh3+ 36. gxh3 Rxg1+ 37. Kh2 Rxe1 38. Qe6 Rg7 39. Qxh6+ Kg8 40.
Rb8+ Kf7 41. Rb7+ 1-0

[Event "4NCL Online Division 6"]
[Site "online"]
[Date "2020.10.06"]
[Round "4.203"]
[White "Holyhead, James"]
[Black "Manger, John D"]
[Result "0-1"]
[WhiteElo "1435"]
[BlackElo "1705"]
[PlyCount "60"]
[EventDate "2020.10.06"]
[WhiteTeam "Shropshire 5"]
[BlackTeam "Oadby & Blaby"]

1. d4 d5 2. Nf3 Nf6 3. c4 c6 4. Nc3 e6 5. Bg5 Be7 6. Qc2 h6 7. Bh4 a6 8. e4
Nxe4 9. Bxe7 Qxe7 10. Nxe4 dxe4 11. Qxe4 Nd7 12. Bd3 Nf6 13. Qf4 c5 14. O-O
cxd4 15. Rfe1 O-O 16. Nxd4 Qc5 17. Rad1 Re8 18. a3 Bd7 19. b4 Qf8 20. Re3 Rad8
21. Be2 b5 22. c5 Nd5 23. Qe4 Nxe3 24. Qxe3 e5 25. Nb3 Qe7 26. Na5 Bf5 27. Rxd8
Qxd8 28. Nb7 Qd4 29. Qf3 Be4 30. Qg3 Bxb7 0-1

[Event "4NCL Online Division 6"]
[Site "online"]
[Date "2020.10.06"]
[Round "4.204"]
[White "Twigg, James"]
[Black "Casewell, John M"]
[Result "0-1"]
[WhiteElo "1705"]
[BlackElo "1300"]
[PlyCount "154"]
[EventDate "2020.10.06"]
[WhiteTeam "Oadby & Blaby"]
[BlackTeam "Shropshire 5"]

1. e4 c5 2. Nf3 d6 3. d4 cxd4 4. Nxd4 Nc6 5. Bb5 Bd7 6. O-O e5 7. Nf3 Nf6 8.
Nc3 a6 9. Bc4 b5 10. Bd5 Rb8 11. Ng5 Nxd5 12. Nxd5 Be7 13. Qh5 g6 14. Qh6 Bf8
15. Qh4 h6 16. Nf3 Qxh4 17. Nxh4 Be7 18. Nc7+ Kf8 19. Nxa6 Rb6 20. Nc7 Bxh4 21.
g3 Bh3 22. gxh4 Bxf1 23. Kxf1 Rb7 24. Nd5 Kg7 25. f4 exf4 26. Bxf4 Ne5 27. b3
Rf8 28. a4 bxa4 29. Rxa4 f5 30. Kg2 fxe4 31. Rxe4 Nf7 32. Re6 Rd8 33. b4 Ra7
34. c4 Ra3 35. Re7 Kf8 36. Re6 Kg7 37. Re7 Kf8 38. Re6 g5 39. hxg5 hxg5 40. Bg3
Re8 41. Nc7 Rxe6 42. Nxe6+ Ke7 43. Nd4 Rc3 44. Nf5+ Kd7 45. b5 Rxc4 46. b6 Rb4
47. Bf2 Kc6 48. Nd4+ Kb7 49. Nf5 Rb5 50. Nd4 Rxb6 51. h4 gxh4 52. Nf5 Rb2 53.
Nxh4 d5 54. Nf3 Kc6 55. Kg3 Rb4 56. Be1 Re4 57. Bf2 Nd6 58. Nd4+ Kd7 59. Kf3
Nc4 60. Kg2 Ne3+ 61. Kf3 Nd1 62. Nb3 Nxf2 63. Nc5+ Kd6 64. Nxe4+ Nxe4 65. Ke3
Kc5 66. Kd3 Nd6 67. Kc3 d4+ 68. Kd3 Nf5 69. Kd2 Kc4 70. Kc2 Ne3+ 71. Kd2 Nf1+
72. Ke1 Kc3 73. Kxf1 Kc2 74. Ke2 d3+ 75. Ke3 d2 76. Ke2 d1=Q+ 77. Ke3 Qd3+ 0-1

[Event "4NCL Online Division 6"]
[Site "online"]
[Date "2020.10.06"]
[Round "4.211"]
[White "Kumar, Sanjit S"]
[Black "White, John"]
[Result "1-0"]
[WhiteElo "1817"]
[BlackElo "1529"]
[PlyCount "139"]
[EventDate "2020.10.06"]
[WhiteTeam "KCJS"]
[BlackTeam "Celtic Tigers Cubs"]

1. e4 c5 2. Nf3 d6 3. d4 cxd4 4. Nxd4 Nf6 5. Nc3 a6 6. Be2 e5 7. Nb3 Be6 8. O-O
Be7 9. f4 Qc7 10. f5 Bc4 11. Bg5 Nbd7 12. Qd2 O-O 13. Rad1 Rac8 14. Qe3 Bxe2
15. Qxe2 h6 16. Bh4 Rfe8 17. Rd2 b5 18. a3 Bf8 19. Rfd1 Qc4 20. Qe3 Qc7 21. h3
d5 22. Nxd5 Nxd5 23. Rxd5 Nc5 24. Bf2 Nxb3 25. cxb3 Qc2 26. R5d2 Qc6 27. Rd3 a5
28. Rc3 Qb7 29. Rxc8 Rxc8 30. Qd3 b4 31. Qd5 Qc7 32. Bg3 Re8 33. Qb5 Re7 34.
axb4 axb4 35. Qxb4 Qc2 36. Rd8 Qc7 37. Qb8 Qxb8 38. Rxb8 f6 39. Bf2 Rc7 40. b4
Kf7 41. b5 Bc5 42. Bxc5 Rxc5 43. b6 Rb5 44. b7 Rxb2 45. Kf1 g6 46. fxg6+ Kg7
47. Ke1 h5 48. Kd1 h4 49. Kc1 Rb4 50. Kc2 Rb6 51. Kc3 Rb1 52. Kc4 Rc1+ 53. Kb5
Rb1+ 54. Kc6 Rc1+ 55. Kd6 Rd1+ 56. Ke6 Rb1 57. Kf5 Rb4 58. Ke6 Rb6+ 59. Kd5 Rb1
60. Kc4 Rb2 61. Kd3 Rb1 62. Ke2 Rb3 63. Kf2 Rb2+ 64. Kf3 Rb3+ 65. Kg4 Rb4 66.
Kxh4 Rxe4+ 67. Kg3 Rb4 68. h4 f5 69. h5 Rb3+ 70. Kh2 1-0

[Event "4NCL Online Division 6"]
[Site "online"]
[Date "2020.10.06"]
[Round "4.212"]
[White "Kwabiah, C Kenneth"]
[Black "Hill-Wood, T Wilfred D"]
[Result "0-1"]
[WhiteElo "1540"]
[BlackElo "1630"]
[PlyCount "120"]
[EventDate "2020.10.06"]
[WhiteTeam "Celtic Tigers Cubs"]
[BlackTeam "KCJS"]

1. Nf3 d5 2. g3 Bg4 3. Bg2 Nf6 4. h3 Bxf3 5. Bxf3 e6 6. d3 Bd6 7. e4 O-O 8. O-O
c6 9. Nc3 Nbd7 10. Qe2 Qb6 11. Kg2 Ne5 12. Bg4 Nexg4 13. hxg4 Be5 14. g5 Nd7
15. Rh1 Bxc3 16. bxc3 f6 17. Qh5 fxg5 18. Qxh7+ Kf7 19. Qh5+ Kg8 20. Qh7+ Kf7
21. Bxg5 Nf6 22. Bxf6 Kxf6 23. Qh4+ Kg6 24. Qg4+ Kf7 25. Rh7 Rg8 26. exd5 cxd5
27. Re1 Qc6 28. d4 Rae8 29. Qh5+ Kf8 30. Qg6 Re7 31. Re3 Qe8 32. Qg4 Qc8 33.
Rh5 Qd7 34. Rhe5 Kf7 35. Rf3+ Ke8 36. Qg6+ Kd8 37. c4 dxc4 38. c3 Kc7 39. Rc5+
Kb8 40. Qh7 Ree8 41. Qe4 Rh8 42. Qe5+ Ka8 43. Rc7 Qa4 44. Rff7 Rhf8 45. Rxg7
Qxa2 46. Qe3 Rb8 47. Rge7 Qa1 48. Rxe6 Rh8 49. Qe1 Qa5 50. Ree7 Qh5 51. Kf1 Qf3
52. Rh7 Rxh7 53. Rxh7 Qd3+ 54. Kg2 Qxh7 55. f4 Rh8 56. Kf3 Qd3+ 57. Qe3 Qxe3+
58. Kxe3 a5 59. f5 a4 60. d5 a3 0-1

[Event "4NCL Online Division 6"]
[Site "online"]
[Date "2020.10.06"]
[Round "4.213"]
[White "Soulier, Alfred"]
[Black "Zhou, Jing"]
[Result "0-1"]
[WhiteElo "1630"]
[BlackElo "1511"]
[PlyCount "102"]
[EventDate "2020.10.06"]
[WhiteTeam "KCJS"]
[BlackTeam "Celtic Tigers Cubs"]

1. d4 Nf6 2. Nc3 e6 3. e4 d5 4. e5 Nfd7 5. f4 c5 6. Nf3 Nc6 7. Be3 Be7 8. Be2
a6 9. a4 O-O 10. O-O f6 11. Re1 fxe5 12. fxe5 cxd4 13. Bxd4 Nxd4 14. Nxd4 Nxe5
15. Bxa6 bxa6 16. Rxe5 Bf6 17. Qe2 Qb6 18. Rd1 Bxe5 19. Qxe5 Bd7 20. Nxd5 exd5
21. Qxd5+ Kh8 22. Qxd7 Rad8 23. Qg4 Qxb2 24. Kh1 Qxd4 25. Qxd4 Rxd4 26. Re1
Rxa4 27. g4 Rxg4 28. h3 Rc4 29. Re2 h6 30. h4 Rxh4+ 31. Kg2 Rc4 32. Kh1 a5 33.
c3 Rxc3 34. Ra2 Ra8 35. Kg2 a4 36. Kf2 a3 37. Ke2 Rb3 38. Ra1 a2 39. Kd2 Rb1
40. Rxa2 Rxa2+ 41. Kc3 h5 42. Kd3 h4 43. Ke3 h3 44. Kd4 h2 45. Ke5 Rf1 46. Kd4
h1=Q 47. Ke5 Re2+ 48. Kd6 Rd1+ 49. Kc5 Rc2+ 50. Kb4 Rb1+ 51. Ka3 Qa8# 0-1

[Event "4NCL Online Division 6"]
[Site "online"]
[Date "2020.10.06"]
[Round "4.214"]
[White "Osseiran, Nadim"]
[Black "Patel, Sen"]
[Result "0-1"]
[WhiteElo "1135"]
[BlackElo "1532"]
[PlyCount "82"]
[EventDate "2020.10.06"]
[WhiteTeam "Celtic Tigers Cubs"]
[BlackTeam "KCJS"]

1. d4 c6 2. Bf4 d5 3. e3 Nf6 4. c4 Bf5 5. Nc3 e6 6. Qb3 Qb6 7. c5 Qxb3 8. axb3
Nbd7 9. Nf3 Be7 10. b4 O-O 11. Be2 b6 12. Nd2 h6 13. Nb3 Bc2 14. Bd1 Bd3 15.
Kd2 Bc4 16. Ra3 g5 17. Bg3 Ne4+ 18. Nxe4 dxe4 19. Kc3 Bd3 20. Bg4 f5 21. Bd1 f4
22. exf4 gxf4 23. Bg4 fxg3 24. Bxe6+ Kg7 25. f3 Nf6 26. fxe4 Nxe4+ 27. Kxd3
Nf2+ 28. Kc2 Nxh1 29. hxg3 Nxg3 30. Bd7 bxc5 31. dxc5 Rf6 32. Na5 Rf2+ 33. Kd1
Nf5 34. Ke1 Rf4 35. Rf3 Rxf3 36. gxf3 Nd4 37. f4 Rd8 38. Bxc6 Nxc6 39. Nxc6 Re8
40. Nxa7 Bxc5+ 41. Kf1 Bxa7 0-1

[Event "4NCL Online Division 6"]
[Site "online"]
[Date "2020.10.06"]
[Round "4.221"]
[White "Gaekwad, Ankit"]
[Black "Castaneda, William"]
[Result "0-1"]
[WhiteElo "1450"]
[BlackElo "1727"]
[PlyCount "164"]
[EventDate "2020.10.06"]
[WhiteTeam "Barnet Knights D"]
[BlackTeam "Maidenhead 2"]

1. d4 d5 2. Bf4 Nf6 3. e3 c6 4. Nf3 Bg4 5. Nbd2 e6 6. c3 Bd6 7. Bg3 Ne4 8. Bd3
Nxg3 9. hxg3 Nd7 10. Qc2 h6 11. Rh4 Bxf3 12. gxf3 Nf6 13. O-O-O Qc7 14. e4 Be7
15. Rhh1 O-O-O 16. e5 Nd7 17. f4 Kb8 18. Kb1 Rc8 19. f5 c5 20. fxe6 fxe6 21.
Rc1 c4 22. Bg6 Rhf8 23. Rhf1 Qd8 24. f4 Rc6 25. f5 Rb6 26. Ka1 Bg5 27. fxe6
Rxe6 28. Bf5 Ra6 29. Bxd7 Rxf1 30. Rxf1 Qxd7 31. Rf8+ Bd8 32. Nf3 Qe7 33. Rf4
g6 34. Rh4 g5 35. Rh1 Qf7 36. Nd2 Re6 37. Rf1 Qh5 38. Qf5 Qe8 39. Qf8 a6 40.
Rf7 Ka7 41. Qxe8 Rxe8 42. Rd7 g4 43. Rxd5 Bg5 44. Nxc4 Rf8 45. a3 Rf1+ 46. Ka2
Rg1 47. e6 Rxg3 48. Ne5 Rg2 49. Nc4 Re2 50. Re5 Rxe5 51. Nxe5 g3 52. Nf3 Be7
53. d5 Kb6 54. b4 Kc7 55. c4 Kd6 56. Kb3 h5 57. Kc3 b6 58. Kd4 g2 59. c5+ bxc5+
60. bxc5+ Kc7 61. Ke5 Bxc5 62. Kf6 Kd8 63. a4 h4 64. Ne5 g1=Q 65. Nc6+ Ke8 66.
e7 Qf2+ 67. Ke6 Qe3+ 68. Ne5 Bxe7 69. d6 Bxd6 70. Kxd6 h3 71. Nc6 Qa3+ 72. Kc7
Qxa4 73. Kb7 h2 74. Ka7 h1=Q 75. Nb4 Qh7+ 76. Ka8 Qe4+ 77. Ka7 Qe7+ 78. Ka8
Qd8+ 79. Ka7 Qc7+ 80. Ka8 Qc8+ 81. Ka7 Qad7+ 82. Kb6 Qb5+ 0-1

[Event "4NCL Online Division 6"]
[Site "online"]
[Date "2020.10.06"]
[Round "4.222"]
[White "Kumar, Satyam"]
[Black "Gardner, Kai"]
[Result "1-0"]
[WhiteElo "1300"]
[BlackElo "1390"]
[PlyCount "140"]
[EventDate "2020.10.06"]
[WhiteTeam "Maidenhead 2"]
[BlackTeam "Barnet Knights D"]

1. e4 e5 2. Nf3 Nc6 3. Bc4 Bc5 4. d3 h6 5. O-O d6 6. Nbd2 Nf6 7. c3 Be6 8. Qb3
Bxc4 9. Qxc4 O-O 10. d4 exd4 11. cxd4 Bb4 12. d5 Bxd2 13. dxc6 Bxc1 14. Raxc1
b6 15. Rfd1 Qe7 16. Re1 Nh5 17. e5 Rad8 18. exd6 Qxd6 19. Rcd1 Qf6 20. b3 Rxd1
21. Rxd1 Kh7 22. Rd7 Qa1+ 23. Qf1 Qxa2 24. Rxc7 Qxb3 25. Rxa7 Qc3 26. Rc7 b5
27. Qxb5 Nf4 28. h3 Qc1+ 29. Kh2 g5 30. Qf5+ Kg8 31. Rc8 Ng6 32. Rxf8+ Kxf8 33.
Qc8+ Kg7 34. c7 Qf4+ 35. Kh1 Qc1+ 36. Ng1 Ne7 37. Qd8 Qc5 38. Qxe7 Qxe7 39.
c8=Q Qe4 40. Qg4 Qg6 41. Nf3 Qb1+ 42. Kh2 Qb8+ 43. g3 Qb6 44. Kg2 Qc6 45. h4 f6
46. hxg5 hxg5 47. Kh3 Qc1 48. Nh2 Qc2 49. f4 Qh7+ 50. Kg2 Qc2+ 51. Kf3 Qxh2 52.
fxg5 Qh1+ 53. Kf4 Qf1+ 54. Ke4 Qg2+ 55. Kf5 Qd5+ 56. Kf4 Qe5+ 57. Kf3 Qd5+ 58.
Kf2 Qd2+ 59. Kf3 fxg5 60. Qe4 Qd1+ 61. Qe2 Qxe2+ 62. Kxe2 Kf6 63. Kf3 Kf5 64.
g4+ Kg6 65. Ke4 Kf6 66. Kd5 Kg6 67. Ke5 Kh7 68. Kf6 Kh6 69. Kf5 Kg7 70. Kxg5
Kf7 1-0

[Event "4NCL Online Division 6"]
[Site "online"]
[Date "2020.10.06"]
[Round "4.223"]
[White "Zholnin, Ivan"]
[Black "Chen, William"]
[Result "0-1"]
[WhiteElo "1345"]
[BlackElo "1270"]
[PlyCount "142"]
[EventDate "2020.10.06"]
[WhiteTeam "Barnet Knights D"]
[BlackTeam "Maidenhead 2"]

1. e4 e5 2. Nf3 Nf6 3. Nc3 Nc6 4. Bc4 Nxe4 5. Nxe4 d5 6. Bxd5 Qxd5 7. Nc3 Qd6
8. d3 Be7 9. O-O O-O 10. Ne4 Qe6 11. Bg5 f6 12. Bh4 Bd7 13. d4 exd4 14. Re1 Bb4
15. c4 Bxe1 16. Qxe1 f5 17. Nf6+ gxf6 18. Qxe6+ Bxe6 19. b3 Rad8 20. Re1 Bc8
21. g3 d3 22. Nd2 Rfe8 23. Rxe8+ Rxe8 24. Bxf6 Re2 25. Bc3 f4 26. gxf4 Re1+ 27.
Kg2 Bg4 28. h3 Bh5 29. Kg3 Rg1+ 30. Kh2 Rg6 31. Ne4 Bf3 32. Ng5 Be2 33. Ne4 h6
34. f5 d2 35. Bxd2 Rg7 36. Bxh6 Re7 37. Ng3 Bf3 38. Bg5 Re1 39. Bd2 Ra1 40. f6
Rxa2 41. Be3 Kf7 42. Kg1 Kxf6 43. Kh2 Ne5 44. Bd4 Ke6 45. Nf1 Nd3 46. Kg3 Be2
47. Ne3 Bh5 48. Nd5 c6 49. Nf6 Bg6 50. Ng4 Ra3 51. Be3 b6 52. Kg2 Rxb3 53. Kf1
Bh5 54. Kg2 Bxg4 55. hxg4 Ne5 56. c5 Nxg4 57. cxb6 Nxe3+ 58. fxe3 axb6 59. Kf3
Rc3 60. Ke2 Ke5 61. Kf3 b5 62. Kf2 Ke4 63. Ke2 Rd3 64. Kf2 b4 65. Ke2 b3 66.
Kf2 b2 67. Ke2 b1=Q 68. Kf2 Qc2+ 69. Ke1 Rxe3+ 70. Kf1 Ra3 71. Ke1 Ra1# 0-1

[Event "4NCL Online Division 6"]
[Site "online"]
[Date "2020.10.06"]
[Round "4.231"]
[White "Acharya, Kandara"]
[Black "Angelopoulos, Nicos"]
[Result "0-1"]
[WhiteElo "1690"]
[BlackElo "1622"]
[PlyCount "94"]
[EventDate "2020.10.06"]
[WhiteTeam "Ashton 1"]
[BlackTeam "Barnet Knights C"]

1. e4 c6 2. d4 d5 3. Nc3 dxe4 4. Nxe4 Bf5 5. Ng3 Bg6 6. Nf3 Nd7 7. h4 h6 8. h5
Bh7 9. Bd3 Bxd3 10. Qxd3 e6 11. Bf4 Ngf6 12. O-O-O Nd5 13. Bd2 N7f6 14. Ne4 a5
15. a3 Be7 16. Nxf6+ Nxf6 17. Ne5 O-O 18. g4 Nd5 19. f4 c5 20. dxc5 Rc8 21. c6
bxc6 22. g5 hxg5 23. h6 Nxf4 24. Bxf4 Qxd3 25. Rxd3 gxf4 26. h7+ Kh8 27. Rd7
Rce8 28. Nxc6 Bf6 29. Nxa5 g5 30. Nc4 g4 31. Rf1 e5 32. Nd6 Re7 33. Rxe7 Bxe7
34. Nf5 Bg5 35. Kd1 g3 36. Rg1 Kxh7 37. Ke2 Kg6 38. Nd6 Rd8 39. Ne4 Be7 40. c4
f5 41. Nc3 Bc5 42. Rg2 e4 43. Kf1 Rd4 44. b4 Rxc4 45. Nd5 Bd6 46. b5 f3 47. Rb2
Rc1# 0-1

[Event "4NCL Online Division 6"]
[Site "online"]
[Date "2020.10.06"]
[Round "4.232"]
[White "Gardner, Tim"]
[Black "Supatan, Denzel"]
[Result "1-0"]
[WhiteElo "1600"]
[BlackElo "1675"]
[PlyCount "63"]
[EventDate "2020.10.06"]
[WhiteTeam "Barnet Knights C"]
[BlackTeam "Ashton 1"]

1. e4 e6 2. d4 d5 3. exd5 exd5 4. Nf3 Nf6 5. Be2 Bd6 6. O-O O-O 7. c4 c6 8. Bg5
Bf5 9. Nc3 Nbd7 10. cxd5 cxd5 11. Nxd5 Be6 12. Ne3 h6 13. Bh4 Qb6 14. d5 Bg4
15. b3 Bxf3 16. Bxf3 Be5 17. Rc1 Ne8 18. Be7 Nef6 19. Bxf8 Rxf8 20. Nf5 Bd6 21.
Re1 Ne5 22. Ne3 Rd8 23. h3 Bb4 24. Re2 Ba3 25. Nc4 Nxc4 26. Rxc4 Qd6 27. Rec2
Kh7 28. Qd3+ g6 29. Rc7 b6 30. Rxf7+ Kg8 31. Qxg6+ Kh8 32. Qg7# 1-0

[Event "4NCL Online Division 6"]
[Site "online"]
[Date "2020.10.06"]
[Round "4.233"]
[White "McBeath, Joel"]
[Black "Sarkar, Rian"]
[Result "1-0"]
[WhiteElo "1600"]
[BlackElo "1600"]
[PlyCount "51"]
[EventDate "2020.10.06"]
[WhiteTeam "Ashton 1"]
[BlackTeam "Barnet Knights C"]

1. e4 c5 2. d4 cxd4 3. c3 dxc3 4. Nxc3 Nc6 5. Nf3 e6 6. Bc4 Nge7 7. Bg5 h6 8.
Nb5 d5 9. exd5 hxg5 10. dxc6 Qa5+ 11. Qd2 Qxd2+ 12. Kxd2 Kd8 13. Ne5 Ng6 14.
Nxf7+ Ke7 15. Nxh8 Nxh8 16. Nc7 Rb8 17. Rhe1 Kf6 18. Kc2 e5 19. Ne8+ Kf5 20. c7
Ra8 21. Rad1 Bb4 22. Nd6+ Bxd6 23. Rxd6 Kf4 24. Bd3 Nf7 25. Re4+ Kf5 26. g4#
1-0

[Event "4NCL Online Division 6"]
[Site "online"]
[Date "2020.10.06"]
[Round "4.234"]
[White "Angelopoulos, Andreas"]
[Black "Custy, Steve"]
[Result "1-0"]
[WhiteElo "1540"]
[BlackElo "1285"]
[PlyCount "71"]
[EventDate "2020.10.06"]
[WhiteTeam "Barnet Knights C"]
[BlackTeam "Ashton 1"]

1. d4 e6 2. c4 d5 3. Nc3 c5 4. dxc5 Bxc5 5. cxd5 Nf6 6. dxe6 Qxd1+ 7. Nxd1 Bxe6
8. Nf3 O-O 9. Bf4 Ng4 10. h3 Nxf2 11. Nxf2 Bb4+ 12. Bd2 Nc6 13. Nd3 Bxd2+ 14.
Nxd2 Nd4 15. Rc1 Bxa2 16. e3 Nf5 17. Kf2 Bd5 18. e4 Bxe4 19. Nxe4 Nd4 20. Nf4
Rfe8 21. Bd3 Nf5 22. Rhe1 Nh4 23. Bb5 Red8 24. Red1 a6 25. Bc4 g5 26. Nxg5 Rxd1
27. Rxd1 Rc8 28. Bxf7+ Kg7 29. Be6 Rc2+ 30. Kg3 h6 31. Kxh4 hxg5+ 32. Kxg5 Rc5+
33. Rd5 Rc2 34. Rd7+ Kf8 35. Kf6 Rf2 36. Rd8# 1-0

[Event "4NCL Online Division 6"]
[Site "online"]
[Date "2020.10.06"]
[Round "4.241"]
[White "Humeniuk, Michael"]
[Black "Thackray, John"]
[Result "0-1"]
[WhiteElo "1435"]
[BlackElo "1952"]
[PlyCount "98"]
[EventDate "2020.10.06"]
[WhiteTeam "Hertford 3"]
[BlackTeam "St Andrews White Cross"]

1. e4 e5 2. f4 exf4 3. Nf3 d5 4. exd5 Nf6 5. d4 Nxd5 6. c4 Ne3 7. Bxe3 fxe3 8.
Be2 Bb4+ 9. Nc3 O-O 10. O-O Bxc3 11. bxc3 Nd7 12. Qc2 f5 13. Bd3 g6 14. c5 Qf6
15. Rae1 f4 16. h4 Qg7 17. Bc4+ Kh8 18. Ng5 Nb8 19. Rf3 h6 20. Ne6 Bxe6 21.
Bxe6 Nc6 22. d5 Ne5 23. Rh3 Rae8 24. Qe4 b6 25. c6 h5 26. Rf1 Ng4 27. Rhf3 Nf2
28. R1xf2 exf2+ 29. Rxf2 f3 30. Rxf3 Rxf3 31. Qxf3 Rf8 32. Qd3 Qf6 33. Qd4
Qxd4+ 34. cxd4 Rd8 35. Kf2 Kg7 36. Ke2 Kf6 37. g3 Ke7 38. Ke3 Rf8 39. Ke2 b5
40. g4 hxg4 41. Bxg4 Rf4 42. Bf3 Rxh4 43. Ke3 Kd6 44. Be2 b4 45. Bc4 g5 46. Bb3
Rh3+ 47. Kf2 Rxb3 48. axb3 Kxd5 49. Ke3 a5 0-1

[Event "4NCL Online Division 6"]
[Site "online"]
[Date "2020.10.06"]
[Round "4.242"]
[White "Bettley, Mark S"]
[Black "Lynch, Mark"]
[Result "1/2-1/2"]
[WhiteElo "1607"]
[BlackElo "1480"]
[PlyCount "87"]
[EventDate "2020.10.06"]
[WhiteTeam "St Andrews White Cross"]
[BlackTeam "Hertford 3"]

1. e4 c6 2. d4 d5 3. Nd2 dxe4 4. Nxe4 Bf5 5. Ng3 Bg6 6. Nf3 h6 7. Bc4 e6 8. Bf4
Nf6 9. O-O Nbd7 10. c3 Nd5 11. Bxd5 cxd5 12. Re1 Be7 13. Ne5 Nxe5 14. Bxe5 O-O
15. Qd2 Bf6 16. Bxf6 Qxf6 17. Qe2 a6 18. Qe5 Qxe5 19. Rxe5 b5 20. f4 Rad8 21.
Rf1 Rfe8 22. f5 exf5 23. Rxe8+ Rxe8 24. Nxf5 Bxf5 25. Rxf5 Rd8 26. Re5 Kf8 27.
Kf2 Rd6 28. Kf3 f6 29. Re1 Kf7 30. Ra1 g5 31. a4 bxa4 32. Rxa4 Kg6 33. Ra5 f5
34. h3 Kf6 35. Ra4 Rc6 36. Ra1 h5 37. g4 hxg4+ 38. hxg4 f4 39. Re1 Re6 40. Rh1
Kg6 41. Rg1 Re3+ 42. Kf2 Re6 43. Kf3 Re3+ 44. Kf2 1/2-1/2

[Event "4NCL Online Division 6"]
[Site "online"]
[Date "2020.10.06"]
[Round "4.243"]
[White "Brewis, Alan"]
[Black "Triffitt, Bradley"]
[Result "0-1"]
[WhiteElo "1360"]
[BlackElo "1547"]
[PlyCount "110"]
[EventDate "2020.10.06"]
[WhiteTeam "Hertford 3"]
[BlackTeam "St Andrews White Cross"]

1. d4 Nf6 2. Bf4 d6 3. e3 g6 4. Nc3 Bg7 5. Be2 O-O 6. h4 Nbd7 7. h5 e6 8. hxg6
fxg6 9. Bg5 Qe8 10. Bf3 Nb6 11. Bxf6 Rxf6 12. Ne4 Rf5 13. Ng3 Rb5 14. b3 e5 15.
Rb1 exd4 16. e4 Nd5 17. Qd2 d3 18. Qxd3 Nb4 19. Qd2 Nxa2 20. N1e2 Qc6 21. c4
Rb6 22. Qxa2 Qc5 23. O-O Be6 24. Nf4 Bf7 25. Rbd1 Ra6 26. Qe2 Ra3 27. Rd3 Rf8
28. Re1 Bxc4 29. bxc4 Rxf4 30. Rxa3 Qxa3 31. Qc2 Qc5 32. e5 Rxc4 33. Qd3 Rd4
34. Qb3+ Kf8 35. Qxb7 Bxe5 36. Qc8+ Ke7 37. Ne4 Qa5 38. Rf1 Rc4 39. Ng5 Bh2+
40. Kh1 Qxg5 41. Bg4 Rxg4 42. Re1+ Be5 43. Qxc7+ Kf6 44. Qd8+ Kg7 45. Qd7+ Kh6
46. g3 Qh5+ 47. Kg2 Rg5 48. Qe8 Rf5 49. Rh1 Rxf2+ 50. Kxf2 Qxh1 51. Qf8+ Kh5
52. g4+ Kxg4 53. Qf7 Qh2+ 54. Kf1 Qf4+ 55. Qxf4+ Kxf4 0-1

[Event "4NCL Online Division 6"]
[Site "online"]
[Date "2020.10.06"]
[Round "4.244"]
[White "Donoghue, Steve"]
[Black "Kirby, Brian"]
[Result "1-0"]
[WhiteElo "1285"]
[BlackElo "1210"]
[PlyCount "91"]
[EventDate "2020.10.06"]
[WhiteTeam "St Andrews White Cross"]
[BlackTeam "Hertford 3"]

1. e4 e5 2. Nf3 d6 3. d4 exd4 4. Nxd4 c5 5. Nf3 Nd7 6. Bc4 Be7 7. O-O h6 8. Nc3
Ngf6 9. Re1 O-O 10. Nb5 Qb6 11. a4 a6 12. a5 Qc6 13. Nc3 b5 14. Bd5 Nxd5 15.
exd5 Qc7 16. Rxe7 Qd8 17. Re1 Nf6 18. Ne4 Bb7 19. Nxf6+ Qxf6 20. c3 Rae8 21.
Rxe8 Rxe8 22. Be3 Qf5 23. Nh4 Qe4 24. Nf3 Bxd5 25. Qd2 Qe6 26. Rd1 Bxf3 27.
gxf3 Qg6+ 28. Kh1 Re6 29. Rg1 Qh5 30. Rg3 f5 31. Bf4 g5 32. Bxg5 hxg5 33. Rxg5+
Qxg5 34. Qxg5+ Kf7 35. Qxf5+ Rf6 36. Qe4 Re6 37. Qb7+ Kf6 38. Qxa6 Re1+ 39. Kg2
Re2 40. Qxb5 Re5 41. a6 Rg5+ 42. Kf1 Rg8 43. Qc6 Ke6 44. a7 Rf8 45. a8=Q Rxa8
46. Qxa8 1-0

[Event "4NCL Online Division 6"]
[Site "online"]
[Date "2020.10.06"]
[Round "4.251"]
[White "Hosker, Monika"]
[Black "Hayden, Lawrence F"]
[Result "0-1"]
[WhiteElo "1292"]
[BlackElo "1652"]
[PlyCount "66"]
[EventDate "2020.10.06"]
[WhiteTeam "Horsham 3"]
[BlackTeam "Ashby Ivanhoe"]

1. d4 Nf6 2. Nc3 d5 3. Nf3 Bf5 4. Ne5 e6 5. Bg5 Be7 6. e3 O-O 7. Bd3 Bxd3 8.
Qxd3 Nbd7 9. Bxf6 Bxf6 10. Nxd7 Qxd7 11. O-O Rac8 12. Rad1 c5 13. b3 cxd4 14.
exd4 Qc6 15. Na4 Qxc2 16. Nc5 Qxd3 17. Rxd3 Rc7 18. b4 b6 19. Nb3 Rc2 20. a3
Rfc8 21. Nd2 R8c3 22. Rxc3 Rxc3 23. Nf3 g6 24. h3 Rc4 25. Rd1 Be7 26. g4 Rc3
27. Kg2 Kf8 28. Ne5 f6 29. Rd3 Rc2 30. Nd7+ Ke8 31. Nb8 Bd6 32. b5 Bxb8 33. a4
Kd7 0-1

[Event "4NCL Online Division 6"]
[Site "online"]
[Date "2020.10.06"]
[Round "4.253"]
[White "Cowley, Charlie"]
[Black "Brown, Mick"]
[Result "0-1"]
[WhiteElo "1210"]
[BlackElo "1450"]
[PlyCount "130"]
[EventDate "2020.10.06"]
[WhiteTeam "Horsham 3"]
[BlackTeam "Ashby Ivanhoe"]

1. c4 d6 2. Nc3 Nf6 3. g3 g6 4. Bg2 Bg7 5. d3 O-O 6. Bg5 c6 7. e4 Na6 8. Nf3
Rb8 9. Be3 Ng4 10. Bxa7 Ra8 11. Bd4 e5 12. Be3 Nxe3 13. fxe3 Qb6 14. Qe2 Bh6
15. Na4 Qb4+ 16. Nc3 Qc5 17. d4 exd4 18. exd4 Qa5 19. O-O Bg4 20. Rf2 Bg7 21.
Qd3 Nb4 22. Qd2 Qa7 23. h3 Bxf3 24. Rxf3 Bxd4+ 25. Kh2 c5 26. Nb5 Qb6 27. a3
Qc6 28. Rb1 Na6 29. Nxd4 cxd4 30. Qxd4 Qc7 31. b4 Nb8 32. Rd1 Rd8 33. Rdd3 Nc6
34. Qc3 Ne5 35. Qb3 Nxd3 36. Rxd3 Qd7 37. e5 Qe7 38. exd6 Rxd6 39. Bd5 Rf6 40.
Qc2 Re8 41. Bf3 Qc7 42. Qc3 Rfe6 43. Kg2 Qe7 44. Qc2 Re5 45. Qd2 Qc7 46. Qc2
R8e7 47. Qd2 Qb6 48. Rd6 Qc7 49. h4 Qxc4 50. Rd8+ Kg7 51. Rd4 Re2+ 52. Bxe2
Rxe2+ 53. Qxe2 Qxe2+ 54. Kh3 Qe3 55. Rd7 Qe6+ 56. g4 Qxd7 57. Kg2 Qa4 58. h5
Qxa3 59. hxg6 fxg6 60. b5 Qb4 61. g5 Qxb5 62. Kh3 Qf5+ 63. Kh4 b5 64. Kg3 b4
65. Kh4 b3 0-1

[Event "4NCL Online Division 6"]
[Site "online"]
[Date "2020.10.06"]
[Round "4.254"]
[White "Roberts, Neil J"]
[Black "Biddiss, Samuel"]
[Result "1-0"]
[WhiteElo "1382"]
[BlackElo "1037"]
[PlyCount "93"]
[EventDate "2020.10.06"]
[WhiteTeam "Ashby Ivanhoe"]
[BlackTeam "Horsham 3"]

1. e4 e6 2. e5 d5 3. d4 Nc6 4. Nf3 Bb4+ 5. c3 Be7 6. Be2 Na5 7. O-O c5 8. Bd2
c4 9. b3 Nc6 10. bxc4 dxc4 11. Bxc4 Qa5 12. Qc1 h6 13. Re1 b5 14. Bd3 b4 15.
Be4 Bb7 16. Qb2 Rc8 17. Re3 f5 18. exf6 Nxf6 19. Bg6+ Kf8 20. Be4 Ng4 21. Re2
Qb5 22. Re1 Bd6 23. a4 Qh5 24. h4 Be7 25. Qc2 Bxh4 26. Bg6 b3 27. Qe4 Bxf2+ 28.
Kf1 Qh1+ 29. Ke2 Nxd4+ 30. Qxd4 Ba6+ 31. Kd1 Bxd4 32. Rxh1 Nf2+ 33. Ke1 Nxh1
34. Nxd4 Ke7 35. Na3 Rhf8 36. Nf3 Bd3 37. Bxd3 e5 38. Nxe5 Nf2 39. Ng6+ Ke6 40.
Nxf8+ Rxf8 41. Bc4+ Kf5 42. Kxf2 Ke4+ 43. Kg1 a5 44. Bxb3 g5 45. Re1+ Kd3 46.
Nb1 Rg8 47. Re3# 1-0

[Event "4NCL Online Division 6"]
[Site "online"]
[Date "2020.10.06"]
[Round "4.5"]
[White "Hamid, Adam"]
[Black "Munshi, Aryan"]
[Result "1-0"]
[WhiteElo "1585"]
[BlackElo "1148"]
[PlyCount "57"]
[EventDate "2020.10.06"]
[WhiteTeam "MCS Oxford B"]
[BlackTeam "Phones Pals Rooks"]

1. e4 e5 2. Nf3 Nc6 3. Bb5 Nf6 4. d3 d6 5. O-O Bg4 6. Be3 a6 7. Ba4 b5 8. Bb3
Be7 9. Nbd2 O-O 10. c3 Na5 11. Bc2 Ne8 12. d4 exd4 13. cxd4 f5 14. h3 Bxf3 15.
Nxf3 fxe4 16. Bxe4 d5 17. Bd3 Nc4 18. Qc2 h6 19. b3 Nb6 20. Ne5 Nf6 21. Rfe1
Bd6 22. Ng6 Re8 23. Bd2 Qd7 24. Bf5 Qf7 25. Bf4 Bxf4 26. Nxf4 Rxe1+ 27. Rxe1
Kf8 28. Ng6+ Kg8 29. Be6 1-0